Music Quiz

Random Music or Album Quiz

Wilco Albums Quiz Stats

 Plays Quiz Updated Sep 19, 2016

Also try: RUSH Studio albums
Challenge
Share
Tweet
Embed
Score 0/10 Timer 04:00
0 Plays Today
Year % Correct
2002Yankee Hotel Foxtrot
88.5%
2009Wilco (The Album)
88.4%
2007Sky Blue Sky
74.7%
1999Summerteeth
73.7%
2004A Ghost Is Born
70.6%
1995A.M.
69.6%
2015Star Wars
66.3%
1996Being There
65.1%
2016Schmilco
59.5%
2011The Whole Love
14.3%

You're not logged in!

Compare scores with friends on all Sporcle quizzes.
OR
Log In

You Might Also Like...

Show Comments

Extras

Top Quizzes Today


Score Distribution

Your Account Isn't Verified!

In order to create a playlist on Sporcle, you need to verify the email address you used during registration. Go to your Sporcle Settings to finish the process.

Report this User

Report this user for behavior that violates our Community Guidelines.

Details: